000 00493nam a2200193Ia 4500
005 20250508152653.0
008 008 250505s9999 xx 000 0 hin d
037 _aTextual
040 _aFEDL
_beng
_cFEDL
041 _ahin
_2eng
084 _aB, PAN
_qFEDL
100 _aPant Sumitranandan
245 0 _aSaat varsh ek rekhankan
260 _aDelhi, India
_bRaj Kamal Prakashan
300 _a75p.
365 _aINR
_b3
942 _cTEXL
_hB, PAN
999 _c1337940
_d1337940